000 01076nam a2200301Ia 4500
003 OSt
005 20221007121658.0
006 a|||||r|||| 00| 0
007 ta
008 221006b |||||||| |||| 00| 0 eng d
020 _a0444819770 (hbd)
_c
_ 179.50
024 _a4493
037 _bApple,
_cTextual
040 _aBDL
_cBDL
_beng
041 _2eng
_aeng
082 _aG91:(F), N5
100 _aSingh Ved Pal Ed
_9712717
245 0 _aBiotransformations: microbial degradation of health-risk compounds ed by Ved Pal Singh
260 _aAmsterdam
_bElsevier
_c1995
300 _axvi,282p
_ccm.
490 _aProgress in industrial microbiology; 32
500 _aIncludes bibliographical references; Index 271-282p; ^n23/CSL/Carb/96-97/4194^d1997-03-04^mPurchase; ; 96-97/553^b1997-03-26^c243/96-97^d1997-03-17^eApple Books; ; 1997-04-09^bSB^c1997-11-06^r1997-12-10
650 _a Microbs
_9712718
650 _a Technology
650 _aBiology
942 _hG91:(F), N5
_cTEXL
_2CC
999 _c1209168
_d1209168